00282nam a2200097Ia 4500008004100000020001800041100003100059245004700090260003300137300001400170171211s9999 xx 000 0 und d a9789719805007 aRodriguez, Maria Teresa T. aReview Handbook in Diagnostic Bacteriology bC & E Publishing, Inc.c2016 a399 pages